| 000 | 00697nam a2200205 u 4500 | ||
|---|---|---|---|
| 005 | 20210223132555.0 | ||
| 008 | 150305s2004 ag r 000 0 spa d | ||
| 020 | _a9507242481 | ||
| 035 | _aUPN01000202316 | ||
| 049 | _aI | ||
| 050 | 4 |
_aQC225.5 _bC3.3 |
|
| 100 | 1 |
_aCash, Terry _937090 |
|
| 245 | 1 | 0 |
_aGolpes, sonidos, soplos : _bla ciencia y la tecnología de las fuerzas, del aire y del sonido / _cTerry Cash ; il. Alex Pang ; tr. Martha Larese Roja. |
| 260 |
_aBuenos Aires : _bLumen, _c2004. |
||
| 300 |
_a31 p. : _bil. col. |
||
| 440 | 0 | _aDiversión con física | |
| 650 | 4 |
_aSONIDO - _vLITERATURA INFANTIL _911047 |
|
| 650 | 4 |
_aGRAVEDAD - _vLITERATURA INFANTIL _910930 |
|
| 905 | _aInfantil | ||
| 999 |
_c174417 _d174417 |
||